| 000 | 00423nam a22001577a 4500 | ||
|---|---|---|---|
| 082 |
_a891.4391 _bIft |
||
| 100 | _aArif, Iftikhar | ||
| 245 |
_aMehr-e-Doneem/ _cIftikhar Arif. |
||
| 260 |
_aIslamabad: _bPoorab Academy, _c2013. |
||
| 300 | _a184p. | ||
| 563 | _aHB | ||
| 650 | _aUrdu Literature | ||
| 880 | _6100-01\(3\r | ||
| 880 |
_6245-02\(3\r _aمہر دونیم / _bافتیخار عارف |
||
| 942 |
_2ddc _cBK |
||
| 999 |
_c590778 _d590778 |
||